000 00834nam a2200277 i 4500
001 000021870
003 DO-SdBNP
005 20250912143136.0
007 ta
008 100914s1989 dr 000 0 spa d
040 _aDO-SdBNP
_bspa
_cBNPHU
_erda
041 _aspa
049 _aBNPD
082 4 _axxx
_bP438a
_222
100 1 _aPérez, Luis Julian,
_eautor
_4aut.
_914856
245 1 0 _aSanto Domingo frente al destino /
_cLuis Julian Pérez.
264 4 _aSanto Domingo :
_bTaller,
_c1989.
300 _a279 páginas ;
_c24 cm.
336 _atexto
_btxt
_2rdacontent
337 _asin mediación
_bn
_2rdamedia
338 _avolumen
_bnc
_2rdacarrier
500 _aIncluye datos biográficos del autor en la contracubierta
504 _aBibliografía : páginas 277-279
590 _aInventariado, 2025/BT
942 _2ddc
_cLBS1
999 _c21368
_d21368